E-conveyancing is just around the corner (Record no. 64490)

MARC details
000 -LEADER
fixed length control field 00758cam a2200217 4500
001 - CONTROL NUMBER
control field ABS62797
008 - FIXED-LENGTH DATA ELEMENTS--GENERAL INFORMATION
fixed length control field 000000n2000 000 0 eng u
035 ## - SYSTEM CONTROL NUMBER
System control number (Sirsi) u107956
100 ## - MAIN ENTRY--PERSONAL NAME
Personal name Byass, K.
245 ## - TITLE STATEMENT
Title E-conveyancing is just around the corner
260 ## - PUBLICATION, DISTRIBUTION, ETC.
Date of publication, distribution, etc. 2000
490 ## - SERIES STATEMENT
Series statement Solicitors' Journal
Volume/sequential designation 144(3) 11 August 2000, 748-749(2)
520 ## - SUMMARY, ETC.
Summary, etc. Discusses the future for e-conveyancing. Attempts to show by example, how a sale can be completed in just one day if technology is in place for all the standard procedures.
590 ## - LOCAL NOTE (RLIN)
Local note ABS
650 ## - SUBJECT ADDED ENTRY--TOPICAL TERM
Topical term or geographic name entry element CONVEYANCING
650 ## - SUBJECT ADDED ENTRY--TOPICAL TERM
Topical term or geographic name entry element SOLICITORS
650 ## - SUBJECT ADDED ENTRY--TOPICAL TERM
Topical term or geographic name entry element PROPERTY TRANSACTIONS
650 ## - SUBJECT ADDED ENTRY--TOPICAL TERM
Topical term or geographic name entry element NATIONAL LAND INFORMATION SERVICE
690 ## - LOCAL SUBJECT ADDED ENTRY--TOPICAL TERM (OCLC, RLIN)
Topical term or geographic name as entry element PROPERTY AND LAND LAW-CONVEYANCING
942 ## - ADDED ENTRY ELEMENTS (KOHA)
Suppress in OPAC 0
Holdings
Withdrawn status Lost status Source of classification or shelving scheme Damaged status Not for loan Home library Current library Shelving location Date acquired Total Checkouts Full call number Barcode Date last seen Copy number Price effective from Koha item type
    Dewey Decimal Classification     London London Journal article 23/08/2000   ABS62797 107956-1001 06/08/2019 1 06/08/2019 Journal article